000 00566cam a22002171 4500
001 ne 65000911
003 DLC
005 20260227111813.0
008 860130s1964 tu 000 0 tur
010 _ane 65000911
035 _a(OCoLC)13083645
040 _aDLC
_cTxU
_dTxU
_dDLC
042 _apremarc
050 0 0 _aDR590
_b.G8
100 1 _aGüventürk, Faruk.
245 1 0 _aDin ışığı altında Nurculuğun içyüzü.
260 _a[İstanbul] :
_bOkat Yayınevi
_c[1964]
300 _a157 p.
_c20 cm.
650 0 _aNurculuk.
650 0 _aIslam
_zTurkey.
999 _c48087
_d48087